[Event "Marijampole Buzas Memorial"]
[Site "Marijampole"]
[Date "2023.08.26"]
[Round "1"]
[White "Malinovsky, Rostyslav"]
[Black "Girdziusas, Kestutis"]
[Result "1-0"]
[WhiteElo "2190"]
[BlackElo "1372"]
[PlyCount "71"]
[EventDate "2023.08.26"]
[EventType "swiss (rapid)"]
[EventRounds "9"]
[EventCountry "LTU"]
[SourceTitle "EXT 2024"]
[Source "ChessBase"]
[SourceDate "2023.10.10"]
[SourceVersion "1"]
[SourceVersionDate "2023.10.10"]
[SourceQuality "1"]

1. d4 Nf6 2. c4 d6 3. Nc3 g6 4. e4 Bg7 5. Be2 0-0 6. Be3 a5 7. g4 e5 8. d5 Ne8 9. g5 f5 10. gxf6 Qxf6 11. h4 Na6 12. Qd2 Nc5 13. f3 Bh8 14. h5 Rf7 15. Bg5 Qg7 16. 0-0-0 Qf8 17. Nh3 Nf6 18. hxg6 hxg6 19. Rdg1 Bg7 20. Be3 Nh5 21. Rxg6 Bxh3 22. Rxh3 Nf4 23. Bxf4 exf4 24. Qe1 Rf6 25. Rg4 Nd7 26. Qh1 Ne5 27. Rh8+ Kf7 28. Rxf8+ Rxf8 29. Qh5+ Ng6 30. e5 Rh8 31. exf6 Rxh5 32. fxg7 Kxg7 33. Bd3 Rh6 34. Bxg6 Rxg6 35. Rxg6+ Kxg6 36. Nb5 1-0

[Event "Panevezys op"]
[Site "Panevezys"]
[Date "2023.08.18"]
[Round "1"]
[White "Nainys, Zanas1111"]
[Black "Girdziusas, Kestutis"]
[Result "1-0"]
[WhiteElo "1862"]
[BlackElo "1308"]
[PlyCount "73"]
[EventDate "2023.08.18"]
[EventType "swiss"]
[EventRounds "7"]
[EventCountry "LTU"]
[SourceTitle "EXT 2024"]
[Source "ChessBase"]
[SourceDate "2023.10.10"]
[SourceVersion "1"]
[SourceVersionDate "2023.10.10"]
[SourceQuality "1"]

1. Nf3 Nf6 2. b3 g6 3. Bb2 Bg7 4. g3 0-0 5. Bg2 d6 6. d4 Ne4 7. 0-0 Nc6 8. Nbd2 Nxd2 9. Qxd2 e5 10. Rfd1 e4 11. Ne1 f5 12. c4 Qf6 13. f4 a5 14. Rab1 Qe7 15. Nc2 h6 16. a3 Kh7 17. d5 Bxb2 18. Rxb2 Qg7 19. Ne1 Ne7 20. e3 b6 21. b4 Bd7 22. Rc1 axb4 23. axb4 Ra3 24. Ra2 Rfa8 25. Rxa3 Rxa3 26. c5 Ra1 27. cxb6 cxb6 28. Rc7 Bb5 29. Bf1 Bxf1 30. Kxf1 Kg8 31. Qc2 Qf6 32. Rd7 Ra3 33. Qc7 Rc3 34. Qd8+ Kf7 35. Rxd6 Qg7 36. Re6 Qf8 37. Rf6+ 1-0

[Event "LTU-ch"]
[Site "Vilnius"]
[Date "2019.03.19"]
[Round "7"]
[White "Girdziusas, Kestutis"]
[Black "Norkeliunas, Sarunas"]
[Result "1-0"]
[WhiteElo "1324"]
[BlackElo "1047"]
[PlyCount "75"]
[EventDate "2019.03.15"]
[EventType "swiss"]
[EventRounds "9"]
[EventCountry "LTU"]
[SourceTitle "EXT 2020"]
[Source "ChessBase"]
[SourceDate "2019.10.17"]
[SourceVersion "1"]
[SourceVersionDate "2019.10.17"]
[SourceQuality "1"]

1. d4 d5 2. Bf4 Nf6 3. e3 Bf5 4. Nd2 e6 5. h3 h6 6. Ngf3 Nbd7 7. c4 c6 8. Ne5 Nxe5 9. dxe5 Nd7 10. g4 Bh7 11. Qb3 Qb6 12. Rc1 Bb4 13. cxd5 Bxd2+ 14. Kxd2 exd5 15. Qc3 0-0 16. Bd3 Bxd3 17. Kxd3 Nc5+ 18. Qxc5 Qxb2 19. Rc2 Qb6 20. Qxb6 axb6 21. Rb1 b5 22. e4 dxe4+ 23. Kxe4 Ra4+ 24. Kf3 f5 25. g5 hxg5 26. Bxg5 Re8 27. Re2 Rea8 28. Rbb2 Ra3+ 29. Kg2 Re8 30. e6 Kh7 31. e7 Kg6 32. h4 f4 33. Bxf4 Ra4 34. Bg5 Rg4+ 35. Kh3 Ra4 36. Rbd2 Ra3+ 37. Kg2 Ra7 38. Rd8 1-0

[Event "LTU-ch"]
[Site "Vilnius"]
[Date "2019.03.17"]
[Round "4"]
[White "Girdziusas, Kestutis"]
[Black "Feofanov, Boris"]
[Result "0-1"]
[WhiteElo "1324"]
[BlackElo "1671"]
[PlyCount "180"]
[EventDate "2019.03.15"]
[EventType "swiss"]
[EventRounds "9"]
[EventCountry "LTU"]
[SourceTitle "EXT 2020"]
[Source "ChessBase"]
[SourceDate "2019.10.17"]
[SourceVersion "1"]
[SourceVersionDate "2019.10.17"]
[SourceQuality "1"]

1. d4 Nf6 2. Bf4 g6 3. e3 Bg7 4. h3 d6 5. Nf3 Nbd7 6. Nbd2 0-0 7. Be2 c5 8. c3 a6 9. 0-0 b5 10. a3 Bb7 11. Rb1 Nh5 12. Bh2 Qb6 13. Nb3 a5 14. Nh4 Nhf6 15. Bf3 Ne4 16. Nd2 Ndf6 17. Qc2 Nxd2 18. Bxb7 Qxb7 19. Qxd2 Ne4 20. Qd3 Rfd8 21. Nf3 Nf6 22. Qc2 Rac8 23. Rfd1 cxd4 24. exd4 Qc6 25. Re1 Rd7 26. Qe2 Qc4 27. Nd2 Qxe2 28. Rxe2 Nd5 29. Rbe1 Bf8 30. Rc1 Nb6 31. b3 Rdc7 32. Nb1 Nd5 33. Rec2 Bh6 34. f4 Nxf4 35. Bxf4 Bxf4 36. Re1 e6 37. Kf2 d5 38. g3 Bd6 39. Rec1 Bf8 40. Ke2 Bh6 41. Rf1 b4 42. axb4 axb4 43. Kd3 bxc3 44. Rxc3 Rxc3+ 45. Nxc3 Rb8 46. Rb1 Rb4 47. Ra1 Rxb3 48. Kc2 Rb8 49. Kd3 Bg7 50. Ra3 h5 51. g4 hxg4 52. hxg4 Bf6 53. Ne2 Rb4 54. Rc3 Kg7 55. Rc7 Bg5 56. Nc3 Rb2 57. Na4 Rd2+ 58. Kc3 Re2 59. Nc5 Re3+ 60. Kb4 Bf6 61. Nb3 Re4 62. Kc5 Rxg4 63. Rb7 g5 64. Ra7 Rf4 65. Ra2 g4 66. Rg2 Be7+ 67. Kc6 f5 68. Kd7 Kf7 69. Rh2 Bf6 70. Rh7+ Kg6 71. Rh1 Re4 72. Kd6 g3 73. Rg1 f4 74. Nc5 Rxd4 75. Nxe6 Ra4 76. Nxf4+ Rxf4 77. Rxg3+ Kf5 78. Kxd5 Rd4+ 79. Kc6 Ke6 80. Re3+ Be5 81. Rh3 Rc4+ 82. Kb5 Rc1 83. Rh6+ Kd5 84. Rh5 Rb1+ 85. Ka6 Kd6 86. Rh6+ Kc7 87. Rh7+ Kc6 88. Ka5 Bd6 89. Rh4 Rb3 90. Ka4 Ra3# 0-1

[Event "LTU-ch"]
[Site "Vilnius"]
[Date "2017.03.02"]
[Round "8"]
[White "Viliamas, Dovydas"]
[Black "Girdziusas, Kestutis"]
[Result "1-0"]
[WhiteElo "1176"]
[BlackElo "1409"]
[PlyCount "79"]
[EventDate "2017.02.25"]
[EventType "swiss"]
[EventRounds "9"]
[EventCountry "LTU"]
[SourceTitle "CBM 177 Extra"]
[Source "ChessBase"]
[SourceDate "2017.04.27"]
[SourceVersion "1"]
[SourceVersionDate "2017.04.27"]
[SourceQuality "1"]

1. d4 Nf6 2. Nf3 d6 3. e3 g6 4. b3 Bg7 5. Bb2 0-0 6. c4 b6 7. Be2 c5 8. dxc5 bxc5 9. Nc3 Bb7 10. Qc2 Nc6 11. a3 a6 12. Rd1 Ne8 13. Ne4 Qc7 14. Bxg7 Kxg7 15. Qc3+ e5 16. 0-0 Ne7 17. Bd3 f5 18. Nxd6 Bxf3 19. Nxe8+ Raxe8 20. gxf3 Kg8 21. b4 cxb4 22. axb4 Nd5 23. Qb3 Nf6 24. c5+ Kg7 25. Bxa6 Qc6 26. Be2 Rb8 27. Rc1 e4 28. f4 g5 29. fxg5 Ng4 30. Qc3+ Kg6 31. Bxg4 fxg4 32. Rfd1 Rbd8 33. Rxd8 Rxd8 34. Qf6+ Qxf6 35. gxf6 Kxf6 36. c6 Ke6 37. b5 Rc8 38. b6 Kd6 39. b7 Rb8 40. c7 1-0

[Event "LTU-ch"]
[Site "Vilnius"]
[Date "2017.03.01"]
[Round "7"]
[White "Girdziusas, Kestutis"]
[Black "Povilaitis, Tomas"]
[Result "0-1"]
[WhiteElo "1409"]
[BlackElo "1607"]
[PlyCount "70"]
[EventDate "2017.02.25"]
[EventType "swiss"]
[EventRounds "9"]
[EventCountry "LTU"]
[SourceTitle "CBM 177 Extra"]
[Source "ChessBase"]
[SourceDate "2017.04.27"]
[SourceVersion "1"]
[SourceVersionDate "2017.04.27"]
[SourceQuality "1"]

1. e4 c6 2. Nc3 d5 3. Nf3 dxe4 4. Nxe4 Nf6 5. Ng3 h5 6. h4 Bg4 7. Be2 e6 8. d4 Bd6 9. Ne5 Bxe5 10. dxe5 Qa5+ 11. Bd2 Qxe5 12. Bc3 Qc7 13. Bb4 c5 14. Bc3 Nbd7 15. Qd3 0-0-0 16. Bxg4 Nxg4 17. Qe2 Ndf6 18. Ne4 Qc6 19. f3 Nxe4 20. fxe4 Qc7 21. Qf3 Rh6 22. Bxg7 Rg6 23. Bc3 Nh2 24. Qh3 Rg3 25. Qxh2 Qf4 26. Qxg3 Qxg3+ 27. Kf1 Rg8 28. Rg1 Rg4 29. Bd2 Rxe4 30. Re1 Rd4 31. Re3 Qf4+ 32. Ke2 Rxd2+ 33. Kxd2 Qf2+ 34. Kd3 Qxg1 35. Re2 Qd4# 0-1

[Event "LTU-ch"]
[Site "Vilnius"]
[Date "2017.02.26"]
[Round "2"]
[White "Girdziusas, Kestutis"]
[Black "Gurevicius, Arunas"]
[Result "0-1"]
[WhiteElo "1409"]
[BlackElo "1683"]
[PlyCount "68"]
[EventDate "2017.02.25"]
[EventType "swiss"]
[EventRounds "9"]
[EventCountry "LTU"]
[SourceTitle "CBM 177 Extra"]
[Source "ChessBase"]
[SourceDate "2017.04.27"]
[SourceVersion "1"]
[SourceVersionDate "2017.04.27"]
[SourceQuality "1"]

1. e4 c5 2. b4 cxb4 3. a3 bxa3 4. Nxa3 Nc6 5. d4 d5 6. e5 e6 7. Nf3 Bb4+ 8. Bd2 Bxd2+ 9. Qxd2 Nge7 10. Nb5 0-0 11. Bd3 a6 12. 0-0 Bd7 13. Nd6 Qc7 14. g4 Nc8 15. Ng5 Nxd6 16. exd6 Qxd6 17. Nxh7 Rfe8 18. Qg5 Qe7 19. Qh5 g6 20. Qh6 Nxd4 21. Ng5 Qxg5 22. Qxg5 Nf3+ 23. Kg2 Nxg5 24. h4 Ne4 25. f3 Nc5 26. Be2 b5 27. Kg3 Rec8 28. h5 gxh5 29. gxh5 Kh7 30. Kh4 Rg8 31. f4 Rg2 32. Bf3 Rxc2 33. f5 Rg8 34. Rg1 Rh2# 0-1

[Event "NATO-ch 27th"]
[Site "Shrivenham"]
[Date "2016.08.25"]
[Round "6"]
[White "Girdziusas, Kestutis"]
[Black "Lejnieks, Roberts"]
[Result "1-0"]
[WhiteElo "1402"]
[BlackElo "1795"]
[PlyCount "95"]
[EventDate "2016.08.22"]
[EventType "swiss"]
[EventRounds "7"]
[EventCountry "ENG"]
[SourceTitle "EXT 2018"]
[Source "ChessBase"]
[SourceDate "2017.10.13"]
[SourceVersion "1"]
[SourceVersionDate "2017.10.13"]
[SourceQuality "1"]

1. e4 e6 2. b3 d5 3. Bb2 c5 4. Bb5+ Bd7 5. Bxd7+ Nxd7 6. d4 Ngf6 7. exd5 Nxd5 8. c4 N5f6 9. Nf3 Be7 10. 0-0 0-0 11. Re1 cxd4 12. Nxd4 Bc5 13. Qf3 Qb6 14. Nc2 Rad8 15. Nc3 e5 16. Na4 Qc7 17. Nxc5 Qxc5 18. Ba3 Qc7 19. Bxf8 Rxf8 20. Rad1 Nc5 21. b4 e4 22. Qg3 Qxg3 23. hxg3 Nd3 24. Re2 Ne5 25. Ne3 g6 26. c5 Nd3 27. Rb1 Rc8 28. f3 exf3 29. gxf3 Ne5 30. Kg2 Nh5 31. f4 Nc6 32. Nd5 Kf8 33. Rd1 a6 34. g4 Ng7 35. a3 h5 36. Nb6 Rc7 37. Nd7+ Kg8 38. Nf6+ Kf8 39. a4 Ne6 40. Kg3 Kg7 41. Ne8+ Kh6 42. Nxc7 Nxc7 43. g5+ Kg7 44. Rd7 Ne6 45. Rxb7 Ncd4 46. Re4 Nf5+ 47. Kh3 h4 48. Rxe6 1-0